Acting Emmy Nominees, 2002 Quiz Stats

 Plays Quiz not verified by Sporcle

Score 0/81 Timer 10:00
0 Plays Today
% Correct
Kiefer Sutherland
88.7%
Martin Sheen
87.5%
Michael C. Hall
87.5%
Jennifer Garner
87.5%
Peter Krause
86.9%
Ray Romano
86.9%
Bernie Mac
86.9%
Kelsey Grammer
86.3%
Jennifer Aniston
85.7%
Sarah Jessica Parker
85.7%
Mary-Louise Parker
85.7%
Allison Janney
84.5%
Matt LeBlanc
84.5%
Matthew Perry
83.3%
Debra Messing
82.1%
Michael Chiklis
81.5%
Patricia Heaton
81%
Peter Boyle
81%
Brad Garrett
81%
Sean Hayes
80.4%
Doris Roberts
80.4%
Frances Conroy
79.8%
David Hyde Pierce
79.2%
Kim Cattrall
79.2%
Stockard Channing
78%
Megan Mullally
78%
Stockard Channing
78%
% Correct
Bradley Whitford
77.4%
John Spencer
76.8%
Jane Kaczmarek
76.8%
Cynthia Nixon
76.8%
Bryan Cranston
76.2%
Victor Garber
75.6%
Tyne Daly
75%
Rachel Griffiths
75%
Lauren Ambrose
74.4%
Amy Brenneman
72.6%
James Franco
71.4%
Dulé Hill
70.8%
Richard Schiff
68.5%
Janel Moloney
67.9%
Wendie Malick
66.7%
Freddy Rodriguez
66.1%
Cloris Leachman
58.9%
Laura Linney
58.3%
Albert Finney
56.5%
Lili Taylor
56%
Angela Bassett
53.6%
Blythe Danner
53.6%
Vanessa Redgrave
52.4%
Beau Bridges
50.6%
Anjelica Huston
50.6%
Kenneth Branagh
50%
Patricia Clarkson
50%
% Correct
Illeana Douglas
49.4%
Michael Douglas
49.4%
Alec Baldwin
47.6%
Jim Broadbent
46.4%
Michael Gambon
45.8%
Anthony LaPaglia
45.8%
Michael Moriarty
44.6%
Brad Pitt
44.6%
Gena Rowlands
44%
Glenn Close
43.5%
Tim Matheson
42.9%
Don Cheadle
42.3%
Joan Allen
41.7%
Diana Rigg
41.1%
Ron Silver
41.1%
Jon Voight
36.9%
Brian Cox
34.5%
Mark Harmon
32.1%
Sissy Spacek
30.4%
Adam Arkin
29.8%
Susan Sarandon
29.2%
John Larroquette
28.6%
Katherine Helmond
23.8%
Charles S. Dutton
22%
Frances Sternhagen
18.5%
Mary McDonnell
17.3%
Martha Plimpton
15.5%

You're not logged in!

Compare scores with friends on all Sporcle quizzes.
OR
Log In

Show Comments

Extras

Top Quizzes Today


Score Distribution

Your Account Isn't Verified!

In order to create a playlist on Sporcle, you need to verify the email address you used during registration. Go to your Sporcle Settings to finish the process.

Report this User

Report this user for behavior that violates our Community Guidelines.

Details: